20th century theology {ch} : (Record no. 22792)
[ view plain ]
| 000 -LEADER | |
|---|---|
| fixed length control field | 00731nam a2200193 4500 |
| 008 - FIXED-LENGTH DATA ELEMENTS--GENERAL INFORMATION | |
| fixed length control field | 050331s1998 ch 1 chi |
| 020 ## - INTERNATIONAL STANDARD BOOK NUMBER | |
| International Standard Book Number | 9575875796 : |
| Terms of availability | NT520/Php738.00 |
| 090 ## - LOCALLY ASSIGNED LC-TYPE CALL NUMBER (OCLC); LOCAL CALL NUMBER (OCLC) | |
| Classification number (OCLC) (R) ; Classification number, CALL (RLIN) (NR) | BT28 |
| Local cutter number (OCLC) ; Book number/undivided call number, CALL (RLIN) | G86t |
| 100 1# - MAIN ENTRY--PERSONAL NAME | |
| Personal name | Grenz, Stanley J. |
| 245 10 - TITLE STATEMENT | |
| Title | 20th century theology {ch} : |
| Remainder of title | God and the world in a transitional age / |
| Statement of responsibility, etc | Stanley J. Grenz and Roger E. Olson. |
| 260 ## - PUBLICATION, DISTRIBUTION, ETC. (IMPRINT) | |
| Place of publication, distribution, etc | Taipei : |
| Name of publisher, distributor, etc | Campus Evangelical Fellowship, |
| Date of publication, distribution, etc | 1998. |
| 300 ## - PHYSICAL DESCRIPTION | |
| Extent | 474 p. |
| 504 ## - BIBLIOGRAPHY, ETC. NOTE | |
| Bibliography, etc | Includes bibliographical references and index. |
| 650 #4 - SUBJECT ADDED ENTRY--TOPICAL TERM | |
| Topical term or geographic name as entry element | Theology, Doctrinal |
| General subdivision | History |
| Chronological subdivision | 20th century {ch}. |
| 951 ## - EQUIVALENCE OR CROSS-REFERENCE-GEOGRAPHIC NAME/AREA NAME [OBSOLETE] [CAN/MARC only] | |
| General subdivision | 00030631 |
| 700 1# - ADDED ENTRY--PERSONAL NAME | |
| Personal name | Olson, Roger E. |
| 740 02 - ADDED ENTRY--UNCONTROLLED RELATED/ANALYTICAL TITLE | |
| Uncontrolled related/analytical title | Twentieth century theology |
| 951 ## - EQUIVALENCE OR CROSS-REFERENCE-GEOGRAPHIC NAME/AREA NAME [OBSOLETE] [CAN/MARC only] | |
| -- | C-5976 |
| -- | BT28/G86t |
| -- | 070613111445125 |
| -- | 2000-12-21 |
| -- | CH |
| Withdrawn status | Lost status | Damaged status | Not for loan | Home library | Current library | Shelving location | Date acquired | Accession number | Shelving control number | Total Checkouts | Full call number | Barcode | Date last seen | Price effective from | Koha item type |
|---|---|---|---|---|---|---|---|---|---|---|---|---|---|---|---|
| BSOP Library | BSOP Library | Chinese Books (General Circulation) | 12/21/2000 | C-5976 | 127 | BT28/G86t | 00030631 | 02/23/2013 | 02/23/2013 | Books |
